书目信息 |
| 题名: |
声学设计软件EASE及其应用
|
|
| 作者: | 高玉龙 编著 | |
| 分册: | ||
| 出版信息: | 北京 国防工业出版社 2006 |
|
| 页数: | 10,305页 | |
| 开本: | 26cm | |
| 丛书名: | 电声技术及其应用丛书 | |
| 单 册: | ||
| 中图分类: | TN912.2-39 , TU112.4-39 , TN912.202-39 | |
| 科图分类: | ||
| 主题词: | 电声技术--计算机辅助设计--应用软件 , 建筑声学--计算机辅助设计--应用软件 , 计算机辅助设计 , 应用软件 , 电声技术 , 建筑声学 | |
| 电子资源: | ||
| ISBN: | 7-118-04311-7 | |
| 000 | 01246nam0 2200361 450 | |
| 000 | 01219nam0 2200349 450 | |
| 000 | 01146nam0 2200325 450 | |
| 000 | 01110nam0 2200313 45 | |
| 005 | 20070529151756.89 | |
| 010 | @a7-118-04311-7@dCNY38.00 | |
| 100 | @a20070320d2006 em y0chiy0120 ea | |
| 101 | 0 | @achi |
| 102 | @aCN@b110000 | |
| 105 | @ay z 000yy | |
| 200 | 1 | @a声学设计软件EASE及其应用@ASheng Xue She Ji Ruan Jian EASE Ji Qi Ying Yong@f高玉龙编著@FGao Yu Long Bian Zhu |
| 210 | @a北京@c国防工业出版社@d2006 | |
| 215 | @a10,305页@d26cm | |
| 225 | 2 | @a电声技术及其应用丛书 |
| 330 | @a本书讲述了声学设计软件EASE的由来、功能等;然后对建声、电声基础知识进行阐述,还分别介绍了EASE软件的各种版本,重点对EASE3.0版软件如何建立房间模型、如何模拟房间声学特性作了论述。 | |
| 410 | 0 | @12001 @a电声技术及其应用丛书 |
| 606 | 0 | @a电声技术@x计算机辅助设计@x应用软件 |
| 606 | 0 | @a建筑声学@x计算机辅助设计@x应用软件 |
| 606 | 0 | @a计算机辅助设计 |
| 606 | 0 | @a应用软件 |
| 606 | 0 | @a电声技术 |
| 606 | 0 | @a建筑声学 |
| 610 | 1 | @aEASE |
| 690 | 0 | @aTN912.2-39@v4 |
| 690 | 0 | @aTU112.4-39@v4 |
| 690 | @aTN912.202-39@v3 | |
| 701 | 0 | @a高玉龙@AGao Yu Long@4编著 |
| 801 | 0 | @aCN@bTAOJIN@c20070529 |
| 905 | @a10447@dTN912.202-39@e62 | |
| 声学设计软件EASE及其应用/高玉龙编著.-北京:国防工业出版社,2006 |
| 10,305页;26cm.-(电声技术及其应用丛书) |
| ISBN 7-118-04311-7:CNY38.00 |
| 本书讲述了声学设计软件EASE的由来、功能等;然后对建声、电声基础知识进行阐述,还分别介绍了EASE软件的各种版本,重点对EASE3.0版软件如何建立房间模型、如何模拟房间声学特性作了论述。 |
| ● |
| 相关链接 |
|
|
|
|
正题名:声学设计软件EASE及其应用
索取号:TN912.202-39/62
 
预约/预借
| 序号 | 登录号 | 条形码 | 馆藏地/架位号 | 状态 | 备注 |
| 1 | 0520495 | 205204955 | 第二样本阅览室/ [索取号:TN912.202-39/62] | 在馆 | |
| 2 | 0520496 | 205204964 | 第三借阅区/ [索取号:TN912.202-39/62] | 在馆 | |
| 3 | 0520497 | 205204973 | 第三借阅区/ [索取号:TN912.202-39/62] | 在馆 | |
| 4 | 0520498 | 205204982 | 第三借阅区/ [索取号:TN912.202-39/62] | 在馆 | |
| 5 | 0520499 | 205204991 | 第三借阅区/ [索取号:TN912.202-39/62] | 在馆 | |
| 6 | 0520500 | 205205008 | 第三借阅区/ [索取号:TN912.202-39/62] | 在馆 | |
| 7 | 0520501 | 205205017 | 第三借阅区/ [索取号:TN912.202-39/62] | 在馆 | |
| 8 | 0520502 | 205205026 | 第三借阅区/ [索取号:TN912.202-39/62] | 在馆 |